[Event "chess.com IoM Masters"]
[Site "Douglas ENG"]
[Date "2016.10.09"]
[Round "9.7"]
[White "Melkumyan, Hrant"]
[Black "Howell, David W L"]
[Result "0-1"]
[WhiteTitle "GM"]
[BlackTitle "GM"]
[WhiteElo "2653"]
[BlackElo "2644"]
[WhiteFideId "13302485"]
[BlackFideId "410608"]
[EventDate "2016.10.01"]

1. e4 e5 2. Nf3 Nc6 3. Bc4 Nf6 4. d3 h6 5. O-O d6 6. Re1 g6 7. d4 Bg4 8. Bb5 Nd7
9. dxe5 Ndxe5 10. Nbd2 Qf6 11. c3 Bg7 12. h3 Nxf3+ 13. Nxf3 Bxf3 14. gxf3 O-O
15. f4 a6 16. Bd3 Rae8 17. Qg4 Qe6 18. Qg2 d5 19. e5 Kh8 20. Be3 Rg8 21. Bd2 Ne7
22. Kh1 h5 23. Kh2 Bh6 24. Rg1 Nf5 25. Rae1 c5 26. Bc1 Rd8 27. Qf3 b5 28. Rd1
Rge8 29. b3 Rd7 30. Bc2 Red8 31. Bd3 Nh4 32. Qg3 Nf5 33. Qf3 Kh7 34. Rge1 Kg8
35. Rg1 Kh8 36. Rde1 Re8 37. Kh1 Rdd8 38. Rd1 Rd7 39. Kh2 Nh4 40. Qg3 Nf5 41.
Qf3 Nh4 42. Qe2 Nf5 43. Qc2 Rc8 44. Bxf5 Qxf5 45. Qxf5 gxf5 46. c4 Rcd8 47. cxd5
Rxd5 48. Rxd5 Rxd5 49. Kg3 Bf8 50. Kh4 Be7+ 51. Kxh5 Kh7 52. e6 Rd3 53. Rg3 Rxg3
54. fxg3 fxe6 55. g4 c4 56. bxc4 bxc4 57. Bb2 Bb4 58. Bc1 Be1 59. gxf5 exf5 60.
Kg5 c3 61. Ba3 a5 62. Kxf5 Bd2 63. Ke5 c2 64. f5 c1=Q 65. Bxc1 Bxc1 66. Kf6 Kg8
67. Kg6 Bb2 68. a4 Kf8 69. f6 Kg8 70. h4 Bc3 71. h5 Bb2 72. h6 Bc3 73. f7+ Kf8
74. h7 Bh8 0-1

[Event "chess.com IoM Masters"]
[Site "Douglas ENG"]
[Date "2016.10.09"]
[Round "9.8"]
[White "Wallace, John Paul"]
[Black "Salem, A.R. Saleh"]
[Result "0-1"]
[WhiteTitle "IM"]
[BlackTitle "GM"]
[WhiteElo "2355"]
[BlackElo "2650"]
[WhiteFideId "3200957"]
[BlackFideId "9301348"]
[EventDate "2016.10.01"]

1. d4 Nf6 2. Bf4 g6 3. Nc3 d5 4. Qd2 c6 5. f3 b5 6. a3 Qa5 7. b4 Qb6 8. e4 a5 9.
Rb1 axb4 10. axb4 Nbd7 11. e5 Nh5 12. Be3 Ra3 13. f4 Bh6 14. Nge2 Nf8 15. h3 Ne6
16. g3 Rg8 17. Rb3 Ra1+ 18. Nd1 Bf8 19. g4 Nhg7 20. Ng3 h5 21. Be2 Rh8 22. O-O
Nc7 23. Kg2 hxg4 24. hxg4 f5 25. g5 Qa6 26. Nf2 Ra2 27. Rbb1 Na8 28. Qc3 Ra3 29.
Rb3 Ra2 30. Nd3 Ne6 31. Nc5 Nxc5 32. bxc5 Nc7 33. Bd3 Rh4 34. Rbb1 Ra3 35. Qe1
Rh8 36. Rh1 Rxh1 37. Qxh1 Be6 38. Qh7 Rxd3 39. cxd3 Qa2+ 40. Bf2 Qxb1 41. Qxg6+
Kd7 42. Qh7 b4 43. Nh5 b3 44. Nf6+ Kc8 45. Qh8 exf6 46. exf6 b2 47. g6 Kb7 48.
Qxf8 Qd1 49. Qh6 Qg4+ 50. Kh2 b1=Q 51. f7 Qf1 0-1

[Event "chess.com IoM Masters"]
[Site "Douglas ENG"]
[Date "2016.10.09"]
[Round "9.9"]
[White "Fressinet, Laurent"]
[Black "Donchenko, Alexander"]
[Result "1-0"]
[WhiteTitle "GM"]
[BlackTitle "GM"]
[WhiteElo "2676"]
[BlackElo "2581"]
[WhiteFideId "608742"]
[BlackFideId "24603295"]
[EventDate "2016.10.01"]

1. d4 Nf6 2. Nf3 d5 3. c4 e6 4. Nc3 dxc4 5. e4 Bb4 6. Bxc4 Nxe4 7. O-O Nxc3 8.
bxc3 Be7 9. Ne5 O-O 10. Qg4 Nc6 11. Bf4 f5 12. Qf3 Nxe5 13. Bxe5 Bd6 14. Rfe1 c6
15. Qg3 Bxe5 16. Rxe5 Rf6 17. Rae1 Qf8 18. h4 Qf7 19. Bb3 Bd7 20. c4 Re8 21. Qf4
h6 22. Bd1 Kh8 23. Bf3 Qf8 24. Rb1 Bc8 25. a4 Rd8 26. a5 Qd6 27. Rd1 Rff8 28.
Qe3 Qc7 29. Qc3 b6 30. c5 b5 31. Rde1 Bd7 32. Bd1 Rde8 33. Bb3 Rf6 34. h5 Qd8
35. g3 Qe7 36. Bd1 Rff8 37. Bf3 Qf6 38. Qd2 Rb8 39. Bxc6 Bxc6 40. Rxe6 Qf7 41.
Rxc6 Qxh5 42. Qf4 b4 43. Rce6 b3 44. c6 b2 45. Rb1 Rbe8 46. Rxe8 Rxe8 47. c7 Qe2
48. Qxf5 Qc4 49. Qd7 Qc1+ 50. Kg2 Rf8 51. Qd8 Rg8 52. Rxb2 Qxb2 53. Qxg8+ Kxg8
54. c8=Q+ Kh7 55. Qf5+ Kh8 56. Qf8+ Kh7 57. Qf5+ Kh8 58. Qc5 Qb8 59. a6 Qe8 60.
Qxa7 Qe4+ 61. Kh2 Qf3 62. Qb8+ Kh7 63. Qb1+ Kh8 64. Kg1 1-0

[Event "chess.com IoM Masters"]
[Site "Douglas ENG"]
[Date "2016.10.09"]
[Round "9.10"]
[White "Sunilduth Lyna, Narayanan"]
[Black "Leko, Peter"]
[Result "1/2-1/2"]
[WhiteTitle "GM"]
[BlackTitle "GM"]
[WhiteElo "2536"]
[BlackElo "2709"]
[WhiteFideId "5058422"]
[BlackFideId "703303"]
[EventDate "2016.10.01"]

1. d4 Nf6 2. c4 e6 3. Nf3 d5 4. Nc3 Bb4 5. Qb3 c5 6. dxc5 Na6 7. a3 Bxc3+ 8.
Qxc3 Nxc5 9. cxd5 Qxd5 10. Be3 Nce4 11. Qe5 Qxe5 12. Nxe5 Nd5 13. Bc1 Bd7 14. f3
Nc5 15. e4 Nb3 16. Rb1 Nb6 17. Nxd7 Kxd7 18. Be3 Rac8 19. Be2 Ke7 20. O-O Rhd8
21. Rfd1 Rxd1+ 22. Bxd1 Nc4 23. Bxb3 Nxe3 24. Kf2 Nc4 25. Rc1 b5 26. Ke2 Kd6 27.
Rd1+ Ke7 28. Rc1 Kd6 29. Rd1+ Ke7 30. Rc1 Kd6 31. Rd1+ 1/2-1/2

[Event "chess.com IoM Masters"]
[Site "Douglas ENG"]
[Date "2016.10.09"]
[Round "9.11"]
[White "Harika, Dronavalli"]
[Black "Movsesian, Sergei"]
[Result "1/2-1/2"]
[WhiteTitle "GM"]
[BlackTitle "GM"]
[WhiteElo "2528"]
[BlackElo "2677"]
[WhiteFideId "5015197"]
[BlackFideId "310204"]
[EventDate "2016.10.01"]

1. Nf3 d5 2. d4 Nf6 3. c4 e6 4. g3 Bb4+ 5. Bd2 Be7 6. Bg2 c6 7. Qc2 Nbd7 8. O-O
O-O 9. Rd1 b6 10. Bf4 Bb7 11. Ne5 Nh5 12. Bd2 Nhf6 13. Bf4 Nh5 14. Bd2 Nhf6 15.
Bf4 1/2-1/2

[Event "chess.com IoM Masters"]
[Site "Douglas ENG"]
[Date "2016.10.09"]
[Round "9.12"]
[White "Hou, Yifan"]
[Black "Brunello, Sabino"]
[Result "0-1"]
[WhiteTitle "GM"]
[BlackTitle "GM"]
[WhiteElo "2649"]
[BlackElo "2566"]
[WhiteFideId "8602980"]
[BlackFideId "813613"]
[EventDate "2016.10.01"]

1. e4 c6 2. Nc3 d5 3. Nf3 Bg4 4. h3 Bxf3 5. Qxf3 e6 6. d4 dxe4 7. Qxe4 Nf6 8.
Qd3 Nbd7 9. Bd2 Bd6 10. O-O-O Qc7 11. g3 O-O-O 12. Bg2 Kb8 13. Rhe1 Nb6 14. Ne4
Nxe4 15. Rxe4 e5 16. dxe5 Bxe5 17. Qb3 f6 18. a4 Nc8 19. f4 Bd4 20. a5 a6 21.
Re6 Ka8 22. Rde1 Ba7 23. Bb4 Rd4 24. Kb1 Rhd8 25. Bf3 R4d7 26. Bg4 c5 27. Bc3 c4
28. Qb4 Bf2 29. Rf1 Bxg3 30. Re4 Nd6 31. Re3 f5 32. Be2 Bh4 33. Bd4 Qc6 34. Bb6
Rc8 35. Re5 Ne4 36. Bf3 Rd5 37. Rxe4 fxe4 38. Bxe4 Bf6 39. Bxd5 Qxd5 40. Be3 c3
41. Qb6 Kb8 42. Qa7+ Kc7 43. Qb6+ Kb8 44. Qa7+ Kc7 45. Qb6+ Kd7 46. b3 Ke7 47.
Kc1 Rd8 48. Qc5+ Qxc5 49. Bxc5+ Ke6 50. Bb6 Rd7 51. Rd1 Rxd1+ 52. Kxd1 Kf5 53.
Bc7 Ke4 54. Ke2 Bd4 55. Bd6 g6 56. b4 h5 57. Bc7 Bg7 58. Bd6 Bd4 59. Bc7 Be3 60.
Be5 Bd2 61. h4 Bxf4 62. Bxc3 g5 63. hxg5 Bxg5 64. Bg7 Be7 65. Bc3 Kd5 66. Kd3 h4
67. Bd4 h3 68. c4+ Ke6 0-1

[Event "chess.com IoM Masters"]
[Site "Douglas ENG"]
[Date "2016.10.09"]
[Round "9.13"]
[White "Grandelius, Nils"]
[Black "Shyam, Sundar M."]
[Result "1-0"]
[WhiteTitle "GM"]
[BlackTitle "GM"]
[WhiteElo "2642"]
[BlackElo "2552"]
[WhiteFideId "1710400"]
[BlackFideId "5019141"]
[EventDate "2016.10.01"]

1. c4 g6 2. d4 Bg7 3. Nc3 Nf6 4. e4 d6 5. h3 O-O 6. Be3 e5 7. d5 Na6 8. g4 Nc5
9. Qc2 a5 10. Nge2 c6 11. Ng3 cxd5 12. cxd5 Bd7 13. Be2 Rc8 14. Rc1 a4 15. Qd2
b5 16. f3 Qa5 17. O-O b4 18. Nd1 Bb5 19. Nf2 Nfd7 20. h4 Bxe2 21. Qxe2 Rc7 22.
h5 Rfc8 23. hxg6 fxg6 24. Kg2 b3 25. a3 Qa6 26. g5 Bf8 27. Rc3 Be7 28. Rfc1 Qxe2
29. Nxe2 Bd8 30. Rc4 Rb8 31. f4 Rbc8 32. R4c3 Rb7 33. fxe5 Nxe5 34. Bxc5 dxc5
35. Rxc5 Rxc5 36. Rxc5 Bxg5 37. d6 Nf7 38. e5 Be3 39. Rc8+ Kg7 40. Rc7 Ra7 41.
Ne4 Bb6 42. Rxa7 Bxa7 43. e6 Nxd6 44. Nxd6 Kf6 45. e7 1-0

[Event "chess.com IoM Masters"]
[Site "Douglas ENG"]
[Date "2016.10.09"]
[Round "9.14"]
[White "Gupta, Abhijeet"]
[Black "Schroeder, Jan-Christian"]
[Result "1/2-1/2"]
[WhiteTitle "GM"]
[BlackTitle "GM"]
[WhiteElo "2626"]
[BlackElo "2514"]
[WhiteFideId "5010608"]
[BlackFideId "24662259"]
[EventDate "2016.10.01"]

1. d4 d5 2. c4 e6 3. Nc3 Nf6 4. Nf3 Be7 5. Bf4 O-O 6. e3 Nbd7 7. c5 Nh5 8. Bd3
Nxf4 9. exf4 c6 10. O-O b6 11. b4 a5 12. a3 Ba6 13. Re1 Bf6 14. Qc2 Bxd3 15.
Qxd3 Ra7 16. Rec1 Qa8 17. Qd1 Rb8 18. g3 h6 19. Kg2 axb4 20. axb4 bxc5 21. bxc5
Ra3 22. Ne2 Rb2 23. Rxa3 Qxa3 24. Ra1 Ra2 25. Rxa2 Qxa2 26. g4 Bd8 27. Qd3 Bc7
28. Ne5 Nxe5 29. fxe5 Ba5 30. h3 Be1 31. Kf3 Qd2 32. Qb1 g6 33. Qb8+ Kg7 34. Qb3
Kf8 35. Qe3 Ke7 36. h4 Qxe3+ 37. Kxe3 Kf8 38. h5 g5 39. f4 gxf4+ 40. Nxf4 Ba5
41. Kd3 Bd8 42. Ke2 Ke8 43. Nd3 Ba5 44. Ke3 Bd8 45. Ne1 Bg5+ 46. Kd3 Bd8 47. Nf3
Kf8 48. Ke3 Ke8 49. Kf4 Kf8 50. g5 Kg7 51. Kg4 Be7 52. Kf4 Bd8 53. Kg4 Be7 54.
Kf4 1/2-1/2

[Event "chess.com IoM Masters"]
[Site "Douglas ENG"]
[Date "2016.10.09"]
[Round "9.15"]
[White "Van Foreest, Jorden"]
[Black "Vishnu Prasanna, V"]
[Result "1/2-1/2"]
[WhiteTitle "GM"]
[BlackTitle "GM"]
[WhiteElo "2615"]
[BlackElo "2522"]
[WhiteFideId "1039784"]
[BlackFideId "5030692"]
[EventDate "2016.10.01"]

1. b3 Nf6 2. Bb2 g6 3. Bxf6 exf6 4. g3 d5 5. Bg2 c6 6. d4 Be6 7. e3 Nd7 8. Ne2
f5 9. O-O Nf6 10. c4 Bd6 11. cxd5 cxd5 12. Nf4 Rc8 13. Nd2 O-O 14. Nf3 Ne4 15.
Ne5 Nc3 16. Qd2 Qc7 17. Ned3 Ne4 18. Bxe4 fxe4 19. Nxe6 fxe6 20. Rac1 Qd7 21.
Ne5 Bxe5 22. dxe5 Qb5 23. Rc3 Rc6 24. Rxc6 bxc6 25. Rc1 c5 26. h4 h5 27. Rc3 Rc8
28. Qc2 Kh7 29. a3 a5 30. Kg2 Qb6 31. Qe2 a4 32. Qc2 Rg8 33. b4 c4 34. Qxa4 Qc7
35. b5 Qxe5 36. Rc2 g5 37. hxg5 Rxg5 38. b6 h4 39. Qa7+ Rg7 40. b7 Qc7 41. Rc1
Qxb7 42. Qxb7 Rxb7 43. gxh4 Ra7 44. Ra1 e5 45. f3 Rg7+ 46. Kf2 Rf7 47. Rd1 Rd7
48. fxe4 d4 49. Ke2 Kg6 50. a4 Kh5 51. a5 Kxh4 52. a6 Ra7 53. Ra1 Kg4 54. Ra5
d3+ 55. Kd2 Kf3 56. Ra4 Rc7 57. Ra3 Ra7 58. Ra4 Rc7 59. Ra3 Ra7 60. Ra4 1/2-1/2

[Event "chess.com IoM Masters"]
[Site "Douglas ENG"]
[Date "2016.10.09"]
[Round "9.16"]
[White "L'Ami, Erwin"]
[Black "Gagare, Shardul"]
[Result "1-0"]
[WhiteTitle "GM"]
[BlackTitle "GM"]
[WhiteElo "2605"]
[BlackElo "2480"]
[WhiteFideId "1007998"]
[BlackFideId "5037883"]
[EventDate "2016.10.01"]

1. d4 Nf6 2. Bf4 d5 3. e3 c5 4. Nf3 Nc6 5. Nbd2 e6 6. c3 Be7 7. Bd3 O-O 8. h4
Bd6 9. Ne5 Qc7 10. Ndf3 Ne4 11. Nxc6 Bxf4 12. Nce5 Bxe5 13. Nxe5 f6 14. Nf3 cxd4
15. cxd4 Qa5+ 16. Nd2 Nxd2 17. Qxd2 Qxd2+ 18. Kxd2 Bd7 19. a4 a5 20. Rhc1 Rfc8
21. Bb5 Bxb5 22. axb5 b6 23. b4 Rxc1 24. Kxc1 a4 25. Ra3 Kf7 26. Kb2 e5 27. Rc3
exd4 28. exd4 a3+ 29. Ka2 Ra4 30. Rc6 Rxb4 31. Rxb6 Rxd4 32. Kxa3 Ke7 33. h5 Rc4
34. Rb7+ Kd6 35. Rxg7 Kc5 36. Rxh7 Rh4 37. h6 Kxb5 38. Kb3 Kc5 39. Rh8 Rb4+ 40.
Kc3 Rc4+ 41. Kd3 Rd4+ 42. Ke3 Re4+ 43. Kf3 Re7 44. Kg4 Kd4 45. Rf8 Ke4 46. Rxf6
d4 47. Rd6 Rf7 48. f3+ Ke3 49. Kg5 d3 50. Kg6 Ra7 51. h7 Ra8 52. Kg7 Ra7+ 53.
Kh6 Ra8 54. g4 Kxf3 55. g5 1-0

[Event "chess.com IoM Masters"]
[Site "Douglas ENG"]
[Date "2016.10.09"]
[Round "9.17"]
[White "Bok, Benjamin"]
[Black "Puranik, Abhimanyu"]
[Result "1/2-1/2"]
[WhiteTitle "GM"]
[BlackTitle "IM"]
[WhiteElo "2594"]
[BlackElo "2471"]
[WhiteFideId "1017063"]
[BlackFideId "5061245"]
[EventDate "2016.10.01"]

1. Nf3 Nf6 2. g3 g6 3. Bg2 Bg7 4. c4 c5 5. Nc3 Nc6 6. d4 cxd4 7. Nxd4 O-O 8. O-O
Qa5 9. e3 d6 10. Bd2 Qa6 11. Ndb5 Qb6 12. Na4 Qd8 13. Bc3 Be6 14. Qe2 a6 15. Nd4
Bg4 16. Qc2 Nxd4 17. Bxd4 Rb8 18. Ba7 Ra8 19. Bb6 Qc8 20. Bd4 Nd7 21. Bxg7 Kxg7
22. Qe4 Be6 23. Qxb7 Qxb7 24. Bxb7 Bxc4 25. Bxa8 Bxf1 26. Kxf1 Rxa8 27. Rc1 Ra7
28. Ke2 Kf6 29. b3 h5 30. e4 Ke6 31. Ke3 a5 32. f4 f5 33. Rc8 fxe4 34. Kxe4 Rb7
35. Rc6 Nf6+ 36. Kf3 Kf5 37. Ra6 Rb5 38. Nb2 d5 39. Nd3 g5 40. fxg5 Kxg5 41. Re6
Rb7 42. h3 Rc7 43. Re5+ Kg6 44. Ke3 Kf7 45. Kd4 Rc2 46. a4 Rd2 47. Re3 e6 48.
Kc3 1/2-1/2

[Event "chess.com IoM Masters"]
[Site "Douglas ENG"]
[Date "2016.10.09"]
[Round "9.18"]
[White "Lenderman, Aleksandr"]
[Black "Enkhtuul, Altan-Ulzii"]
[Result "1-0"]
[WhiteTitle "GM"]
[BlackTitle "WGM"]
[WhiteElo "2593"]
[BlackElo "2302"]
[WhiteFideId "2021285"]
[BlackFideId "4901444"]
[EventDate "2016.10.01"]

1. Nf3 Nf6 2. c4 e6 3. g3 b6 4. Bg2 Bb7 5. O-O c5 6. Nc3 Be7 7. Re1 d5 8. cxd5
Nxd5 9. e4 Nxc3 10. bxc3 O-O 11. d4 cxd4 12. cxd4 Nc6 13. Bb2 Na5 14. Ne5 Rc8
15. d5 exd5 16. exd5 Bf6 17. Qd3 Re8 18. d6 Rc5 19. Nxf7 Kxf7 20. Rxe8 Kxe8 21.
Re1+ Kd7 22. Bh3+ Kc6 23. Bxf6 gxf6 24. Bg2+ Kd7 25. Re7+ Kc8 26. Bxb7+ Kb8 27.
Bf3 Nc6 28. Bxc6 Rxc6 29. Qa6 1-0

[Event "chess.com IoM Masters"]
[Site "Douglas ENG"]
[Date "2016.10.09"]
[Round "9.19"]
[White "Zumsande, Martin"]
[Black "Wang, Hao"]
[Result "0-1"]
[WhiteTitle "IM"]
[BlackTitle "GM"]
[WhiteElo "2490"]
[BlackElo "2701"]
[WhiteFideId "4651324"]
[BlackFideId "8602883"]
[EventDate "2016.10.01"]

1. e4 e5 2. Nf3 Nc6 3. d4 exd4 4. Nxd4 Nf6 5. Nxc6 bxc6 6. e5 Qe7 7. Qe2 Nd5 8.
c4 Nb6 9. b3 Qe6 10. Bb2 Bb4+ 11. Nd2 O-O 12. O-O-O Qe7 13. f4 Re8 14. Qh5 d5
15. Bd3 g6 16. Qe2 Ba3 17. Nb1 Bxb2+ 18. Qxb2 dxc4 19. Be4 cxb3 20. axb3 Nd5 21.
Bxd5 cxd5 22. Rxd5 Be6 23. Rd3 Rab8 24. Nd2 Rb4 25. Rf1 Reb8 26. h3 c5 27. Qa3
c4 28. Rc3 cxb3 29. Kb2 Qd7 30. Nb1 Qd4 31. Qa5 Ra4 32. Qc5 Ra2+ 33. Kc1 b2+ 0-1

[Event "chess.com IoM Masters"]
[Site "Douglas ENG"]
[Date "2016.10.09"]
[Round "9.20"]
[White "Meier, Georg"]
[Black "Kiewra, Keaton F"]
[Result "1-0"]
[WhiteTitle "GM"]
[BlackTitle "IM"]
[WhiteElo "2648"]
[BlackElo "2454"]
[WhiteFideId "4675789"]
[BlackFideId "2019280"]
[EventDate "2016.10.01"]

1. Nf3 d5 2. d4 Nf6 3. c4 e6 4. g3 Be7 5. Bg2 O-O 6. O-O dxc4 7. Qc2 a6 8. a4
Bd7 9. Rd1 Bc6 10. Nc3 Nbd7 11. e4 b5 12. d5 exd5 13. e5 Nc5 14. exf6 Bxf6 15.
Be3 Nd3 16. Nd4 Bxd4 17. Bxd4 Re8 18. b3 Qd6 19. h4 Nb4 20. Qb2 Nd3 21. Qd2 h6
22. Qc2 Qe6 23. Rxd3 cxd3 24. Qxd3 b4 25. Nd1 Qe2 26. Qf5 Rad8 27. Ne3 Bd7 28.
Qb1 Be6 29. Ra2 Qh5 30. Qc1 Bf5 31. Kh2 Be4 32. Bh3 c5 33. Qxc5 Rc8 34. Bxc8 Qf3
35. Qc1 1-0

[Event "chess.com IoM Masters"]
[Site "Douglas ENG"]
[Date "2016.10.09"]
[Round "9.21"]
[White "Bachmann, Axel"]
[Black "Praggnanandhaa, R"]
[Result "0-1"]
[WhiteTitle "GM"]
[BlackTitle "IM"]
[WhiteElo "2645"]
[BlackElo "2442"]
[WhiteFideId "3700488"]
[BlackFideId "25059530"]
[EventDate "2016.10.01"]

1. d4 Nf6 2. Bf4 g6 3. Nc3 d5 4. Qd2 Bg7 5. Bh6 O-O 6. Bxg7 Kxg7 7. O-O-O c5 8.
e3 Nc6 9. f3 c4 10. e4 b5 11. exd5 Nb4 12. Nxb5 Nxa2+ 13. Kb1 Qxd5 14. Na3 c3
15. bxc3 Rb8+ 16. Ka1 Qa5 17. Kxa2 Nd5 18. Ne2 Be6 0-1

[Event "chess.com IoM Masters"]
[Site "Douglas ENG"]
[Date "2016.10.09"]
[Round "9.22"]
[White "Kavutskiy, Konstantin"]
[Black "Lalith, Babu M R"]
[Result "0-1"]
[WhiteTitle "FM"]
[BlackTitle "GM"]
[WhiteElo "2332"]
[BlackElo "2586"]
[WhiteFideId "2026384"]
[BlackFideId "5024595"]
[EventDate "2016.10.01"]

1. d4 Nf6 2. c4 e6 3. Nf3 d5 4. Nc3 Nbd7 5. Bg5 c6 6. e3 Qa5 7. cxd5 Nxd5 8. Rc1
h6 9. Bh4 Bb4 10. a3 Bxc3+ 11. bxc3 Qxa3 12. Qd2 O-O 13. Bd3 e5 14. Bg3 exd4 15.
cxd4 Re8 16. O-O N7f6 17. Ne5 Be6 18. Rb1 Qe7 19. Bh4 a5 20. Ra1 Ne4 21. Bxe4
Qxh4 22. Bxd5 Bxd5 23. f3 Qg5 24. Qf2 Qe7 25. e4 Bb3 26. Rfc1 a4 27. Nd3 Red8
28. Rab1 Rd6 29. Nc5 Rad8 30. Nxb3 axb3 31. Rd1 Qf6 32. Rxb3 Rxd4 33. Rxd4 Rxd4
34. Rb1 Qd6 35. Rf1 b5 36. Qe2 b4 37. e5 Qd5 38. f4 b3 39. Qg4 b2 40. Qc8+ Kh7
41. Qf5+ g6 42. Qf6 Rd2 0-1

[Event "chess.com IoM Masters"]
[Site "Douglas ENG"]
[Date "2016.10.09"]
[Round "9.23"]
[White "Svane, Rasmus"]
[Black "Visakh, N R"]
[Result "1/2-1/2"]
[WhiteTitle "GM"]
[BlackTitle "IM"]
[WhiteElo "2552"]
[BlackElo "2456"]
[WhiteFideId "4657101"]
[BlackFideId "25012223"]
[EventDate "2016.10.01"]

1. Nf3 Nf6 2. c4 e6 3. Nc3 d5 4. d4 Be7 5. Bf4 O-O 6. e3 Nbd7 7. Be2 dxc4 8. O-O
c5 9. dxc5 Nxc5 10. Bxc4 Qxd1 11. Rfxd1 b6 12. Bd6 Bxd6 13. Rxd6 Bb7 14. Rad1
Rac8 15. Ne5 Nce4 16. Nxe4 Bxe4 17. b3 Bd5 18. f3 Bxc4 19. Nxc4 g5 20. e4 Kg7
21. Kf2 h6 22. R1d2 h5 23. Ne3 Rc5 24. b4 Rc7 25. e5 Ng8 26. Nc2 Ne7 27. Nd4 Kg6
28. a3 Rfc8 29. Nb5 Rc2 30. Nxa7 Nd5 31. Ke2 Nf4+ 32. Kf2 Nd5 33. Ke2 R8c3 34.
Nb5 Re3+ 35. Kd1 Rxd2+ 36. Kxd2 Rxe5 37. Nc3 Ne3 38. Kd3 Nxg2 39. a4 Re3+ 40.
Kc4 Rxf3 41. Rd3 Ne3+ 42. Rxe3 Rxe3 43. a5 b5+ 44. Nxb5 Re1 45. Na3 Rc1+ 46. Kb3
h4 47. a6 g4 48. a7 Rc8 49. b5 g3 50. b6 gxh2 51. b7 Rd8 52. b8=Q Rxb8+ 53.
axb8=Q h1=Q 54. Qg8+ Kf6 55. Nc4 Qd1+ 56. Kc3 Qc1+ 57. Kd3 Qf1+ 58. Kc3 Qe1+ 59.
Kd3 Qg3+ 60. Qxg3 hxg3 61. Ke3 Kg5 62. Kf3 Kh4 63. Kg2 f5 64. Ne5 f4 65. Kf3 Kh3
66. Kxf4 Kh2 67. Nf3+ Kg2 68. Nh4+ Kf2 69. Ke5 g2 70. Nxg2 Kxg2 71. Kxe6 1/2-1/2

[Event "chess.com IoM Masters"]
[Site "Douglas ENG"]
[Date "2016.10.09"]
[Round "9.24"]
[White "Sundararajan, Kidambi"]
[Black "Hillarp Persson, Tiger"]
[Result "1-0"]
[WhiteTitle "GM"]
[BlackTitle "GM"]
[WhiteElo "2429"]
[BlackElo "2513"]
[WhiteFideId "5005370"]
[BlackFideId "1700812"]
[EventDate "2016.10.01"]

1. Nf3 g6 2. d4 Bg7 3. g3 Nf6 4. Bg2 O-O 5. O-O d6 6. b3 a5 7. c4 Nc6 8. Bb2 Ne4
9. Qc1 e5 10. d5 Nb4 11. a3 Na6 12. b4 f5 13. Nbd2 Nxd2 14. Qxd2 f4 15. Ne1 Nb8
16. Nd3 g5 17. c5 Nd7 18. c6 Nf6 19. cxb7 Bxb7 20. bxa5 Qe8 21. Rac1 Qf7 22. e4
Ba6 23. f3 g4 24. gxf4 gxf3 25. Rxf3 Nxe4 26. Qe3 Qg6 27. f5 Qg4 28. Rxc7 Rab8
29. h3 Qg5 30. Qxe4 Bxd3 31. Qxd3 Rxb2 32. Rg3 1-0

[Event "chess.com IoM Masters"]
[Site "Douglas ENG"]
[Date "2016.10.09"]
[Round "9.25"]
[White "Batsiashvili, Nino"]
[Black "Alvarado Diaz, Alejandro"]
[Result "1-0"]
[WhiteTitle "IM"]
[BlackTitle "IM"]
[WhiteElo "2480"]
[BlackElo "2425"]
[WhiteFideId "13602993"]
[BlackFideId "2276119"]
[EventDate "2016.10.01"]

1. d4 f5 2. c4 Nf6 3. Nc3 e6 4. Qc2 Bb4 5. a3 Bxc3+ 6. Qxc3 b6 7. Nf3 Bb7 8. g3
O-O 9. Bg2 Qe7 10. O-O d6 11. b4 Nbd7 12. Bb2 c5 13. Rad1 Rac8 14. dxc5 bxc5 15.
Qd3 Ne4 16. Nd2 cxb4 17. axb4 Nb6 18. Nxe4 Bxe4 19. Bxe4 fxe4 20. Qxe4 Rxc4 21.
Qd3 d5 22. b5 Qd7 23. Rb1 Na4 24. Bd4 Rfc8 25. Rfd1 Qf7 26. Ra1 h5 27. Qe3 h4
28. gxh4 Nc3 29. Bxc3 Rxc3 30. Rd3 Rxd3 31. Qxd3 Rc4 32. b6 Qf6 33. Rxa7 Qb2 34.
Qg6 1-0

[Event "chess.com IoM Masters"]
[Site "Douglas ENG"]
[Date "2016.10.09"]
[Round "9.26"]
[White "Illingworth, Max"]
[Black "Tania, Sachdev"]
[Result "0-1"]
[WhiteTitle "GM"]
[BlackTitle "IM"]
[WhiteElo "2465"]
[BlackElo "2414"]
[WhiteFideId "3205207"]
[BlackFideId "5007844"]
[EventDate "2016.10.01"]

1. c4 e5 2. g3 Nf6 3. Bg2 d5 4. cxd5 Nxd5 5. Nc3 Nb6 6. Nf3 Nc6 7. O-O Be7 8.
Rb1 a5 9. d3 Be6 10. Be3 O-O 11. d4 exd4 12. Nxd4 Nxd4 13. Bxd4 c6 14. f4 f6 15.
b3 Nd5 16. Na4 b5 17. Nc5 Bxc5 18. Bxc5 Nc3 19. Qc2 Nxb1 20. Bxf8 Qd4+ 21. Kh1
Nc3 22. Ba3 Bd5 23. Bb2 Bxg2+ 24. Kxg2 Qd5+ 25. Kg1 Nxa2 26. e4 Qe6 27. Ba3 b4
28. Ra1 bxa3 29. Rxa2 Qd6 30. Qc4+ Kh8 31. Qa4 Qb4 32. Qxc6 Rb8 33. Qa4 Qxa4 0-1

[Event "chess.com IoM Masters"]
[Site "Douglas ENG"]
[Date "2016.10.09"]
[Round "9.27"]
[White "Ushenina, Anna"]
[Black "Hemant, Sharma2"]
[Result "1-0"]
[WhiteTitle "GM"]
[WhiteElo "2459"]
[BlackElo "2371"]
[WhiteFideId "14110911"]
[BlackFideId "5025842"]
[EventDate "2016.10.01"]

1. d4 Nf6 2. c4 g6 3. Nc3 d5 4. Bg5 Bg7 5. Bxf6 Bxf6 6. cxd5 O-O 7. e3 e5 8.
dxe6 Bxe6 9. Nf3 c5 10. Ne4 cxd4 11. Nxf6+ Qxf6 12. Qxd4 Qe7 13. Bb5 a6 14. Ba4
b5 15. Bb3 Bxb3 16. axb3 Nc6 17. Qh4 Qxh4 18. Nxh4 Rfe8 19. Nf3 Re4 20. Ke2 Rb4
21. Rhc1 Rxb3 22. Rxc6 Rxb2+ 23. Ke1 a5 24. Rcc1 a4 25. Rcb1 Rxb1+ 26. Rxb1 a3
27. Kd2 1-0

[Event "chess.com IoM Masters"]
[Site "Douglas ENG"]
[Date "2016.10.09"]
[Round "9.28"]
[White "Lou, Yiping"]
[Black "Das, Arghyadip"]
[Result "1-0"]
[WhiteTitle "IM"]
[BlackTitle "IM"]
[WhiteElo "2458"]
[BlackElo "2400"]
[WhiteFideId "8603928"]
[BlackFideId "5003610"]
[EventDate "2016.10.01"]

1. d4 d5 2. c4 dxc4 3. Nf3 Nf6 4. e3 Bg4 5. Bxc4 e6 6. Nc3 Nbd7 7. O-O Bb4 8.
Qb3 c5 9. Ne5 Nxe5 10. dxe5 Nd7 11. f3 Bh5 12. Rd1 a6 13. Ne4 Qc7 14. a3 Ba5 15.
Bxe6 Nxe5 16. Nd6+ Kf8 17. Qd5 f6 18. Nxb7 Bb6 19. Nxc5 Ke7 20. Nd7 Rad8 21. Bd2
Nxd7 22. Bxd7 Rxd7 23. Bb4+ Kd8 24. Qa8+ Qc8 25. Rxd7+ Kxd7 26. Rd1+ Ke6 1-0